00447 2200181 4500001002100000008004100021035002000062245003800082100001600120250000600136260003000142300002600172020002200198084001400220082000800234650000800242990001500250INLIS000000000003439 ind  a0010-0526000062 aX-Press TKA SosiologicMarina Tri aTri, Marina a1 aJakarta :bErlanggac2043 a129 hlmc21 x 25.5 cm a978-623-522-799-3 a301 MAR x a301 aTKA a20173/B/26